Making literacy real theories and practices for learning and teaching

Salvato in:
Dettagli Bibliografici
Autore principale: LARSON, Joanne
Natura: Libro
Lingua:inglese
Pubblicazione: Sage 2015
Tags: Aggiungi Tag
Nessun Tag, puoi essere il primo ad aggiungerne!!

MARC

LEADER 00000nam a22000007a 4500
008 210531b ||||| |||| 00| 0 eng d
020 |a 978-1-4462-9539-7 
100 |a LARSON, Joanne 
245 |a Making literacy real  |b theories and practices for learning and teaching  |c Joanne Larson and Jackie Marsh.  |g Joanne Larson and Jackie Marsh. 
250 |b  2nd ed. 
260 |b Sage  |c 2015  |h  Thousand Oaks, California  |i 692138   |i 692139  |l LC149 .L32  |m Literacy.  |m Language arts (Elementary).  
500 |a “It includes references and index.” 
942 |a lcc  |c BK  |e Adekanye, I.H.  |f 31/05/2021 
952 |0 0  |1 0  |2 lcc  |4 0  |6 LC0149 L32  |7 0  |9 2521  |a HOL  |b ED  |c LP  |d 2021-05-31  |l 0  |o LC149 .L32  |p 2021-6373  |r 2021-05-31 00:00:00  |w 2021-05-31  |y BK 
952 |0 0  |1 0  |2 lcc  |4 0  |6 LC0149 L32  |7 0  |9 2522  |a HOL  |b HOL  |c LP  |d 2021-05-31  |l 0  |o LC149 .L32  |p 2021-6374  |r 2021-05-31 00:00:00  |w 2021-05-31  |y BK 
999 |c 1312  |d 1312